| 000 | 00729 a2200229 4500 | ||
|---|---|---|---|
| 003 | OSt | ||
| 005 | 20180116192350.0 | ||
| 008 | 120601t xxu||||| |||| 00| 0 eng d | ||
| 010 | _a 86006499 | ||
| 020 | _a0847807266 | ||
| 020 | _a9780714827902 | ||
| 040 | _c0 | ||
| 082 | 0 | 0 | _a720.924 |
| 100 | 1 |
_aCurtis, William J. R. _93635 |
|
| 245 | 1 | 0 |
_aLe Corbusier : _bideas and forms / _cWilliam J.R. Curtis. |
| 260 |
_aNew York : _bRizzoli, _c1986. |
||
| 300 |
_a240 p. : _bill. (some col.) ; _c29 cm. |
||
| 500 | _aIncludes index. | ||
| 600 | 0 | 0 |
_aLe Corbusier, _d1887-1965 _xCriticism and interpretation. _93636 |
| 942 |
_aSADA _cREF _k720.924 CUR 1986 _2ddc |
||
| 999 |
_c352913 _d352913 |
||